[Event "Vsetin op 40th"]
[Site "Vsetin"]
[Date "2015.07.05"]
[Round "2"]
[White "Hastik, Svatopluk"]
[Black "Rabatin, Jakub"]
[Result "0-1"]
[WhiteElo "2052"]
[BlackElo "2317"]
[PlyCount "120"]
[EventDate "2015.07.04"]
[EventType "swiss"]
[EventRounds "9"]
[EventCountry "CZE"]
[SourceTitle "CBM 167 Extra"]
[Source "ChessBase"]
[SourceDate "2015.09.14"]
[SourceVersion "1"]
[SourceVersionDate "2015.09.14"]
[SourceQuality "1"]

1. d4 Nf6 2. c4 d6 3. Nc3 Nbd7 4. e4 e5 5. d5 Nc5 6. Qc2 a5 7. Be2 g6 8. h4 h5 9. Bg5 Be7 10. Nf3 Ng4 11. Qd2 f6 12. Be3 Nxe3 13. Qxe3 Bf8 14. Nd2 Bh6 15. Qg3 Kf7 16. f3 c6 17. 0-0-0 a4 18. Qf2 a3 19. b3 Qa5 20. Kc2 Na6 21. Bf1 Nb4+ 22. Kb1 Nd3 23. Bxd3 Qxc3 24. Nf1 cxd5 25. exd5 Bd7 26. Qc2 Qxc2+ 27. Kxc2 b5 28. Nd2 Rhc8 29. Ne4 Ke7 30. Rb1 Rab8 31. Rhe1 Rb7 32. Kc3 Rcb8 33. Nd2 f5 34. Kc2 Rc7 35. Kd1 Bf4 36. Ke2 Bg3 37. Rh1 bxc4 38. Nxc4 Rc5 39. Ne3 f4 40. b4 Rcb5 41. Nf1 Rxb4 42. Nd2 Bf5 43. Rxb4 Rxb4 44. Nc4 Bxd3+ 45. Kxd3 Rb5 46. Ke4 Rc5 47. Rc1 Bxh4 48. Rc2 Bf2 49. Nxa3 Rxc2 50. Nxc2 Bc5 51. a4 Kd7 52. Na1 Kc7 53. Nb3 Kb6 54. Kd3 Bg1 55. Ke4 Be3 56. Kd3 g5 57. Ke2 g4 58. Kf1 g3 59. Ke2 h4 60. Kf1 Ka6 0-1

[Event "Ostrava Konik op"]
[Site "Ostrava"]
[Date "2014.05.01"]
[Round "6"]
[White "Hastik, Svatopluk"]
[Black "Snyta, Zdenek"]
[Result "1-0"]
[WhiteElo "2037"]
[BlackElo "2091"]
[PlyCount "107"]
[EventDate "2014.04.26"]
[EventType "swiss"]
[EventRounds "9"]
[EventCountry "CZE"]
[SourceTitle "CBM 160 Extra"]
[Source "ChessBase"]
[SourceDate "2014.07.01"]
[SourceVersion "1"]
[SourceVersionDate "2014.07.01"]
[SourceQuality "1"]

1. d4 f5 2. d5 e5 3. dxe6 dxe6 4. Qxd8+ Kxd8 5. e4 Bd6 6. Nf3 Nc6 7. Nc3 Nf6 8. Bg5 Ke7 9. Bxf6+ gxf6 10. exf5 exf5 11. Nb5 Bb4+ 12. c3 Ba5 13. 0-0-0 a6 14. Nbd4 Nxd4 15. Nxd4 Kf7 16. Bc4+ Kg6 17. Rd3 Re8 18. Rg3+ Kh6 19. Rf3 Bb6 20. Nxf5+ Bxf5 21. Rxf5 Kg6 22. Rf3 h5 23. h4 c6 24. Rg1 f5 25. Bd3 Re5 26. g4 hxg4 27. Rxg4+ Kh6 28. Rb4 Bd8 29. Rxb7 Re1+ 30. Kc2 Rh1 31. Rxf5 Bxh4 32. Rc7 Rh2 33. Rxc6+ Kg7 34. Rc7+ Kh6 35. Rcf7 Rg8 36. Ra5 Rxf2+ 37. Rxf2 Bxf2 38. Rxa6+ Kg5 39. a4 Kf4 40. Re6 Be3 41. b4 Rg1 42. a5 Rc1+ 43. Kb2 Rd1 44. Bc2 Re1 45. Re4+ Kf3 46. Kb3 Ra1 47. Kb2 Re1 48. Rc4 Ke2 49. b5 Kd2 50. Rc7 Rg1 51. Rd7+ Ke2 52. a6 Rg8 53. Re7 Rb8 54. c4 1-0

[Event "Ostrava Konik op"]
[Site "Ostrava"]
[Date "2014.04.28"]
[Round "3"]
[White "Petrov, Bogoljub"]
[Black "Hastik, Svatopluk"]
[Result "1/2-1/2"]
[WhiteElo "1953"]
[BlackElo "2037"]
[PlyCount "112"]
[EventDate "2014.04.26"]
[EventType "swiss"]
[EventRounds "9"]
[EventCountry "CZE"]
[SourceTitle "CBM 160 Extra"]
[Source "ChessBase"]
[SourceDate "2014.07.01"]
[SourceVersion "1"]
[SourceVersionDate "2014.07.01"]
[SourceQuality "1"]

1. f4 d6 2. Nf3 c5 3. e4 g6 4. c3 Bg7 5. Bc4 Nf6 6. d3 0-0 7. Qe2 Nc6 8. Bb3 Bg4 9. 0-0 e5 10. h3 Bxf3 11. Rxf3 Na5 12. fxe5 Nxb3 13. axb3 dxe5 14. Bg5 Qd6 15. Na3 Nd7 16. Raf1 a6 17. Nc4 Qe6 18. Qd1 f6 19. Bh4 b5 20. Ne3 Nb6 21. c4 Rf7 22. g4 Raf8 23. Nd5 Nxd5 24. cxd5 Qd6 25. Qc2 Bh6 26. Bf2 Rc7 27. Be3 Bxe3+ 28. Rxe3 Rfc8 29. Qf2 Kg7 30. Rf3 Rf8 31. g5 f5 32. exf5 Qxd5 33. f6+ Kg8 34. Qe3 Kf7 35. Rc1 Rfc8 36. h4 Qd4 37. Qxd4 cxd4 38. Re1 Rc1 39. Rff1 Rxe1 40. Rxe1 Ke6 41. Re2 h6 42. Rf2 hxg5 43. hxg5 Kf7 44. Kg2 e4 45. dxe4 Rc5 46. Rd2 Rxg5+ 47. Kf3 Kxf6 48. Rxd4 Re5 49. Kf4 g5+ 50. Ke3 Re6 51. Rd1 Ke5 52. Rc1 Rg6 53. Rc5+ Kd6 54. b4 g4 55. e5+ Ke6 56. Kf4 g3 1/2-1/2

[Event "Ostrava Konik op"]
[Site "Ostrava"]
[Date "2014.04.27"]
[Round "2"]
[White "Hastik, Svatopluk"]
[Black "Cubok, Milan"]
[Result "1-0"]
[WhiteElo "2037"]
[BlackElo "1824"]
[PlyCount "63"]
[EventDate "2014.04.26"]
[EventType "swiss"]
[EventRounds "9"]
[EventCountry "CZE"]
[SourceTitle "CBM 160 Extra"]
[Source "ChessBase"]
[SourceDate "2014.07.01"]
[SourceVersion "1"]
[SourceVersionDate "2014.07.01"]
[SourceQuality "1"]

1. d4 Nf6 2. Nf3 e6 3. c4 d5 4. Nc3 Nbd7 5. Bg5 c6 6. cxd5 cxd5 7. e3 Qa5 8. Nd2 a6 9. Bd3 b5 10. 0-0 Bd6 11. e4 dxe4 12. Ncxe4 Be7 13. Nxf6+ gxf6 14. Be4 Rb8 15. Bf4 e5 16. Bg3 Bb7 17. Bf5 Rd8 18. Nb3 Qb6 19. Qg4 Bd6 20. Bxd7+ Rxd7 21. Qg7 Rf8 22. Qxf6 Re7 23. dxe5 Qc6 24. f3 Bc5+ 25. Nxc5 Qxc5+ 26. Kh1 Re6 27. Qf5 h6 28. Rfd1 Rg8 29. Bh4 Bd5 30. Rac1 Qe3 31. Rc8+ Kd7 32. Rxg8 1-0

[Event "Ostrava Konik op"]
[Site "Ostrava"]
[Date "2014.04.26"]
[Round "1"]
[White "Privoznik, Lubos"]
[Black "Hastik, Svatopluk"]
[Result "0-1"]
[WhiteElo "1647"]
[BlackElo "2037"]
[PlyCount "42"]
[EventDate "2014.04.26"]
[EventType "swiss"]
[EventRounds "9"]
[EventCountry "CZE"]
[SourceTitle "CBM 160 Extra"]
[Source "ChessBase"]
[SourceDate "2014.07.01"]
[SourceVersion "1"]
[SourceVersionDate "2014.07.01"]
[SourceQuality "1"]

1. e4 g6 2. d4 Bg7 3. Nf3 d6 4. Be3 Nf6 5. Nc3 0-0 6. Qd2 c6 7. Bh6 Qa5 8. Bxg7 Kxg7 9. h4 h5 10. Qg5 e5 11. Bd3 Ng4 12. Qe7 exd4 13. Nxd4 Qc5 14. Nce2 Qe5 15. Qg5 Nd7 16. Nf5+ Kh7 17. Nf4 gxf5 18. Qxh5+ Nh6 19. Nh3 Nf6 20. Ng5+ Kg7 21. Qf3 fxe4 0-1

[Event "CZE-chT2D 1314"]
[Site "Czech Republic"]
[Date "2013.11.03"]
[Round "1.8"]
[White "Kouba, Petr"]
[Black "Hastik, Svatopluk"]
[Result "0-1"]
[WhiteElo "1896"]
[BlackElo "2037"]
[PlyCount "128"]
[EventDate "2013.11.03"]
[EventType "team-tourn"]
[EventRounds "11"]
[EventCountry "CZE"]
[SourceTitle "EXT 2016"]
[Source "ChessBase"]
[SourceDate "2015.10.08"]
[SourceVersion "1"]
[SourceVersionDate "2015.10.08"]
[SourceQuality "1"]
[WhiteTeam "Polabiny II"]
[BlackTeam "Velke Losiny"]
[WhiteTeamCountry "CZE"]
[BlackTeamCountry "CZE"]

1. e4 g6 2. d4 Bg7 3. Nc3 d6 4. Bg5 c6 5. Qd2 Qa5 6. f4 Qb4 7. 0-0-0 Nd7 8. e5 d5 9. Nf3 Nb6 10. h3 Na4 11. Nxa4 Qxa4 12. Kb1 Bf5 13. Bd3 Bxd3 14. Qxd3 e6 15. g4 Ne7 16. f5 Bf8 17. Bf6 Rg8 18. fxe6 fxe6 19. Ng5 Kd7 20. Nxh7 c5 21. Nxf8+ Raxf8 22. c3 c4 23. Qc2 Qxc2+ 24. Kxc2 g5 25. h4 gxh4 26. Rxh4 Rf7 27. Rdh1 a6 28. Rh7 Rgf8 29. g5 Ke8 30. Rxf7 Rxf7 31. Rh8+ Rf8 32. Rh7 Rf7 33. Rh8+ Rf8 34. Rxf8+ Kxf8 35. Bxe7+ Kxe7 36. b3 b5 37. a4 Kf7 38. bxc4 bxc4 39. a5 Kg6 40. Kb2 Kxg5 41. Ka3 Kf4 42. Kb4 Ke3 43. Kc5 Kd2 44. Kd6 Kxc3 45. Kxe6 Kxd4 46. Kd6 c3 47. e6 c2 48. e7 c1Q 49. e8Q Qa3+ 50. Kc7 Qxa5+ 51. Kd6 Qb4+ 52. Kc7 Qc5+ 53. Kd8 Qb5 54. Qe1 Kc5 55. Qe7+ Kc4 56. Qe2+ Kb4 57. Qb2+ Ka5 58. Qc3+ Qb4 59. Qa1+ Kb5 60. Qf1+ Qc4 61. Qb1+ Kc6 62. Qg6+ Kb7 63. Qb1+ Ka8 64. Ke7 Qe4+ 0-1

[Event "CZE-chT2D 1213"]
[Site "Czech Republic"]
[Date "2013.02.03"]
[Round "8.6"]
[White "Dosedel, Jiri"]
[Black "Hastik, Svatopluk"]
[Result "1/2-1/2"]
[WhiteElo "2083"]
[BlackElo "2024"]
[PlyCount "69"]
[EventDate "2012.10.14"]
[EventType "team-tourn"]
[EventRounds "11"]
[EventCountry "CZE"]
[SourceTitle "EXT 2016"]
[Source "ChessBase"]
[SourceDate "2015.10.08"]
[SourceVersion "1"]
[SourceVersionDate "2015.10.08"]
[SourceQuality "1"]
[WhiteTeam "Vysoke Myto"]
[BlackTeam "Velke Losiny"]
[WhiteTeamCountry "CZE"]
[BlackTeamCountry "CZE"]

1. Nf3 Nf6 2. g3 g6 3. Bg2 Bg7 4. d3 d5 5. 0-0 0-0 6. Nbd2 Nc6 7. e4 dxe4 8. dxe4 Bg4 9. h3 Bxf3 10. Qxf3 e5 11. c3 Qe7 12. Nb3 Nd8 13. Be3 Ne6 14. Qe2 Nd7 15. f4 b6 16. f5 Nec5 17. Nd2 a5 18. b3 c6 19. Rad1 Rfd8 20. g4 g5 21. h4 h6 22. hxg5 hxg5 23. Rf3 Nf8 24. Rdf1 Bf6 25. Rh3 b5 26. Kh2 Nd3 27. c4 Nf4 28. Bxf4 exf4 29. Nf3 Nd7 30. cxb5 cxb5 31. Qxb5 Ne5 32. Nxe5 Bxe5 33. Kh1 Kg7 34. Bf3 Rh8 35. Rxh8 1/2-1/2

[Event "Rychnov Seniors op"]
[Site "Rychnov nad Kneznou"]
[Date "2012.08.20"]
[Round "1"]
[White "Ondrich, Jan I"]
[Black "Hastik, Svatopluk"]
[Result "0-1"]
[WhiteElo "1760"]
[BlackElo "2051"]
[PlyCount "58"]
[EventDate "2012.08.20"]
[EventType "swiss"]
[EventRounds "9"]
[EventCountry "CZE"]
[SourceTitle "CBM 150 Extra"]
[Source "ChessBase"]
[SourceDate "2012.10.19"]
[SourceVersion "1"]
[SourceVersionDate "2012.10.19"]
[SourceQuality "1"]

1. Nf3 Nf6 2. d4 g6 3. c4 Bg7 4. Nc3 0-0 5. Bf4 d6 6. e3 Nbd7 7. h3 c6 8. Bd3 Re8 9. 0-0 e5 10. dxe5 dxe5 11. Bg5 Qc7 12. Bxf6 Nxf6 13. Ne4 Nxe4 14. Bxe4 Be6 15. Qc2 f5 16. Ng5 fxe4 17. Nxe6 Rxe6 18. Rad1 Rd8 19. Rxd8+ Qxd8 20. Rd1 Rd6 21. Rxd6 Qxd6 22. Qxe4 Bf6 23. Qg4 Kg7 24. Qc8 Qb4 25. Qd7+ Kh6 26. Qf7 Qe1+ 27. Kh2 Qxf2 28. Qf8+ Kg5 29. Qc8 Qxe3 0-1

[Event "Nachod op"]
[Site "Nachod"]
[Date "2012.07.07"]
[Round "8"]
[White "Kolibik, Jan"]
[Black "Hastik, Svatopluk"]
[Result "0-1"]
[WhiteElo "1679"]
[BlackElo "2034"]
[PlyCount "46"]
[EventDate "2012.06.30"]
[EventType "swiss"]
[EventRounds "9"]
[EventCountry "CZE"]
[SourceTitle "CBM 149 Extra"]
[Source "ChessBase"]
[SourceDate "2012.08.24"]
[SourceVersion "1"]
[SourceVersionDate "2012.08.24"]
[SourceQuality "1"]

1. d4 g6 2. c4 Bg7 3. Nc3 d6 4. e4 Nf6 5. Be2 0-0 6. Nf3 Na6 7. 0-0 c5 8. d5 Bd7 9. Rb1 Rb8 10. Nd2 e6 11. a3 exd5 12. exd5 Bf5 13. Ra1 Re8 14. f3 Qe7 15. Nb3 Nc7 16. Bd3 Bxd3 17. Qxd3 Nd7 18. Qc2 Ne5 19. Nb5 Nxb5 20. cxb5 Qh4 21. Be3 Qa4 22. Nd4 Qc4 23. Qxc4 Nxc4 0-1

[Event "Plzen op 3rd"]
[Site "Plzen"]
[Date "2011.11.25"]
[Round "8"]
[White "Klement, Lukas"]
[Black "Hastik, Svatopluk"]
[Result "1-0"]
[WhiteElo "2250"]
[BlackElo "2031"]
[PlyCount "65"]
[EventDate "2011.11.19"]
[EventType "swiss"]
[EventRounds "9"]
[EventCountry "CZE"]
[SourceTitle "CBM 145 Extra"]
[Source "ChessBase"]
[SourceDate "2012.01.03"]
[SourceVersion "1"]
[SourceVersionDate "2012.01.03"]
[SourceQuality "1"]

1. d4 g6 2. c4 Bg7 3. Nc3 d6 4. e4 Nd7 5. Be2 c5 6. d5 Ngf6 7. h4 h5 8. Nh3 a6 9. f4 Qc7 10. Ng5 Nf8 11. 0-0 Ng4 12. g3 f6 13. Ne6 Nxe6 14. dxe6 Bxe6 15. f5 gxf5 16. exf5 Bf7 17. Bxg4 hxg4 18. Qxg4 Rg8 19. Nd5 Bxd5 20. cxd5 0-0-0 21. Qe4 e5 22. fxe6 Bf8 23. Rxf6 Rxg3+ 24. Kh2 Qg7 25. Rf7 Qg8 26. Bg5 Rxg5 27. hxg5 Qxg5 28. Rh7 Bh6 29. Rg1 Qh5+ 30. Kg2 Rg8+ 31. Kf2 Qh2+ 32. Rg2 Be3+ 33. Kxe3 1-0